Cities Served by More Than One Airport - Statistics

General Stats
  • This quiz has been taken 718 times
  • The average score is 30 of 71
Answer Stats
Airports City % Correct
City, Gatwick, Heathrow, Luton, Stansted, Southend London
98%
Bob Hope, John Wayne, Ontario, LAX, Long Beach Los Angeles
91%
Charles de Gaulle, Orly, Beauvais Paris
91%
JFK, LaGuardia, MacArthur, Newark, Stewart, Trenton-Mercer, Westchester County New York City
85%
Midway, O'Hare, Rockford Chicago
83%
Fort Lauderdale-Hollywood, MIA, Palm Beach Miami
79%
Dulles, Reagan, Thurgood Marshall Baltimore/Washington D.C.
76%
Domodedovo, Sheremetyevo, Vnukovo Moscow
74%
Linate, Malpensa, Il Caravaggio Milan
73%
Oakland, _____, San Jose San Francisco
70%
Logan, Manchester Municipal, T. F. Green Boston
67%
Arlanda, Bromma, Skavsta, Västerås Stockholm
66%
Itami, Kansai, Kobe Osaka
64%
PHL, New Castle, Atlantic City Philadelphia
64%
_____/Fort Worth, Love Field Dallas
63%
Haneda, Narita Tokyo
61%
Atatürk, Sabiha Gökçen Istanbul
60%
Gardermoen, Sandefjord, Rygge Oslo
59%
Ciampino, Fiumicino Rome
59%
George Bush, William P. Hobby Houston
57%
Boeing Field, _____-Tacoma Seattle
57%
Gimpo, Incheon Seoul
57%
Schönefeld, Tegel Berlin
55%
Hongqiao, Pudong Shanghai
55%
Ben Gurion, Sde Dov Tel Aviv
55%
El Prat, Girona-Costa Brava, Reus Barcelona
54%
_____ am Main, Hahn Frankfurt
54%
Saint-Hubert, Pierre Elliott Trudeau Montréal
52%
McCarran, North _____, Henderson Executive Las Vegas
49%
Mesa Gateway, Sky Harbor Phoenix
49%
Keflavík, _____ Reykjavík
49%
Chopin, Modlin Mazovia Warsaw
47%
Billy Bishop, Pearson Toronto
46%
Congonhas, Guarulhos São Paulo
45%
Capital, Nanyuan Beijing
44%
Don Mueang, Suvarnabhumi Bangkok
43%
Changi, Seletar Singapore
42%
_____, St. Petersburg-Clearwater Tampa
42%
_____, Chaleroi Brussels
41%
Clark, Ninoy Aquino, Subic Bay Manila
41%
Lanseria, O. R. Tambo Johannesburg
38%
Benazir Bhutto, Gandhara Islamabad
35%
Kastrup, Roskilde Copenhagen
31%
Jorge Newbery, Ministro Pistarini Buenos Aires
29%
Songshan, Taoyuan Taipei
29%
Halim Perdanakusuma, Soekarno-Hatta Jakarta
28%
Avalon, Essendon, Tullamarine, Moorabbin Melbourne
27%
_____ Civil, Queen Alia Amman
26%
Aldergrove, George Best Belfast
25%
Aurel Vlaicu, Henri Coandă Bucharest
24%
_____, Prestwick Glasgow
24%
Boryspil, Zhuliany Kiev
24%
_____, Sanford Orlando
22%
Gatineau, Macdonald-Cartier Ottawa
22%
New Chitose, Okadama Sapporo
21%
KLIA, Sultan Abdul Aziz Shah Kuala Lumpur
19%
Lambert, MidAmerica Saint Louis
17%
Bandaranaike, Ratmalana Colombo
15%
City, Landvetter Gothenburg
13%
Fernando Luis Ribas Dominicci, Luis Muñoz Marín San Juan
13%
Abbotsford, _____ Vancouver
12%
El Nouzha, Borg El Arab Alexandria
9%
Pampulha, Tancredo Neves Belo Horizonte
7%
Juan Santamaría, Tobías Bolaños San José
7%
José María Córdova, Enrique Olaya Herrera Medellín
5%
_____-1, National Minsk
4%
Aden Adde, K50 Mogadishu
4%
Baratayevka, Vostochny Ulyanovsk
3%
Del Norte, General Mariano Escobedo Monterrey
2%
Dalaman, Milas-Bodrum Mugla
2%
_____, NAF Base Port Harcourt
1%
No matching quizzes found
Score Distribution
Percent of People with Each Score
Percentile by Number Answered
Your Score History
You have not taken this quiz